A study of exchange rate betas for Singapore forex market /
Saved in:
| 主要作者: | |
|---|---|
| 格式: | Thesis 圖書 |
| 語言: | English |
| 出版: |
1986.
|
| 主題: | |
| 標簽: |
添加標簽
沒有標簽, 成為第一個標記此記錄!
|
| LEADER | 00759cam a2200241 a 4500 | ||
|---|---|---|---|
| 001 | u53614 | ||
| 003 | SIRSI | ||
| 008 | 880301s1986 si v 00 1 eng m | ||
| 015 | |a X870082574 | ||
| 035 | |a AAF-7631 | ||
| 040 | |a UMM | ||
| 043 | |a a-si--- | ||
| 090 | |a HG3974 |b Lee | ||
| 100 | 1 | 0 | |a Lee, Chow Kuan. |
| 245 | 1 | 2 | |a A study of exchange rate betas for Singapore forex market / |c by Lee Chow Kuan. |
| 260 | |c 1986. | ||
| 300 | |a v, 79 leaves ; |c 30cm | ||
| 502 | |a Dissertation (M.B.A.) -- National University of Singapore, 1986 | ||
| 504 | 0 | 0 | |a Bibliography: leaves 78-79 |
| 650 | 0 | |a Foreign exchange rates |z Singapore | |
| 948 | |a 16/03/1991 |b 28/08/2002 | ||
| 596 | |a 1 | ||
| 999 | |a HG3974 LEE |w LC |c 1 |i A010417953 |d 10/7/2000 |l STACKS |m P01UTAMA |n 1 |r Y |s Y |t TESIS |u 18/10/1991 | ||
